000170910 001__ 170910
000170910 005__ 20260429150233.0
000170910 037__ $$aTAZ-TFG-2023-3110
000170910 041__ $$aspa
000170910 1001_ $$aKeane Pulido, Michelle
000170910 24200 $$aA jurisprudential approach to the unjustified refusal to paternity testing in order to determine true filiation
000170910 24500 $$aLa negativa injustificada de someterse a las pruebas biológicas en la determinación de la filiación: una aproximación jurisprudencial.
000170910 260__ $$aZaragoza$$bUniversidad de Zaragoza$$c2023
000170910 506__ $$aby-nc-sa$$bCreative Commons$$c3.0$$uhttp://creativecommons.org/licenses/by-nc-sa/3.0/
000170910 520__ $$aEl presente trabajo aborda la problemática que surge ante la negativa injustificada del presunto progenitor a someterse a las pruebas biológicas en acciones de reclamación de la filiación. Esta negativa injustificada tiene como consecuencia el desamparo de un menor que no puede ver sus derechos plenamente satisfechos. El Tribunal Supremo ha ido dando diversas respuestas a lo largo de los años, hasta que finalmente el 18 de julio de 2017 este mismo tribunal, reunido en pleno, decide dar una vuelta a su jurisprudencia adaptando su respuesta a la realidad social. A lo largo del trabajo se explica en que consiste la negativa injustificada y sus consecuencias, además de la descripción y análisis de varias sentencias, en las que se puede apreciar la evolución de las respuestas que ha ido dando el Tribunal Supremo.  <br />
000170910 521__ $$aGraduado en Derecho
000170910 540__ $$aDerechos regulados por licencia Creative Commons
000170910 700__ $$aMartínez de Aguirre Aldaz, Carlos$$edir.
000170910 7102_ $$aUniversidad de Zaragoza$$b $$c
000170910 8560_ $$f796337@unizar.es
000170910 8564_ $$s268820$$uhttps://zaguan.unizar.es/record/170910/files/TAZ-TFG-2023-3110.pdf$$yMemoria (spa)
000170910 909CO $$ooai:zaguan.unizar.es:170910$$pdriver$$ptrabajos-fin-grado
000170910 950__ $$a
000170910 951__ $$adeposita:2026-04-29
000170910 980__ $$aTAZ$$bTFG$$cDER
000170910 999__ $$a20230711144015.CREATION_DATE